[Event "Guildford op"]
[Site "Guildford"]
[Date "2025.04.27"]
[Round "4"]
[White "Wallace, Adrian D"]
[Black "Kothari, Jai"]
[Result "1/2-1/2"]
[WhiteElo "1857"]
[BlackElo "2048"]
[PlyCount "83"]
[EventDate "2025.04.25"]
[EventType "swiss"]
[EventRounds "5"]
[EventCountry "ENG"]
[SourceTitle "CB18_2025"]
[SourceDate "2025.04.30"]
[SourceVersion "1"]
[SourceVersionDate "2025.04.30"]
[SourceQuality "1"]

1. d4 Nf6 2. c4 c5 3. d5 b5 4. cxb5 a6 5. e3 g6 6. Nc3 Bg7 7. a4 0-0 8. e4 e6 9. Nf3 Bb7 10. Bg5 exd5 11. exd5 Qe8+ 12. Be2 Ne4 13. Nxe4 Qxe4 14. 0-0 Qxd5 15. Qc2 Qe4 16. Qd2 Qb4 17. Be3 Qxd2 18. Nxd2 Bxb2 19. Rab1 Bd4 20. Bxd4 cxd4 21. Bf3 Bxf3 22. Nxf3 axb5 23. axb5 d3 24. Rfd1 Ra3 25. Ne5 f6 26. Rxd3 Rxd3 27. Nxd3 Rc8 28. Kf1 Kf7 29. Ke2 Ke6 30. Ke3 d6 31. Kd4 Nd7 32. Re1+ Ne5 33. Nxe5 fxe5+ 34. Kd3 Kd5 35. Rb1 Rb8 36. Ke3 Rb6 37. f4 exf4+ 38. Kxf4 Kd4 39. Rd1+ Kc4 40. Ke4 d5+ 41. Rxd5 Rf6 42. Rd2 1/2-1/2

[Event "Guildford op"]
[Site "Guildford"]
[Date "2025.04.27"]
[Round "5"]
[White "Wallace, Adrian D"]
[Black "Punnett, Alan Kenneth"]
[Result "1-0"]
[WhiteElo "1857"]
[BlackElo "1927"]
[PlyCount "69"]
[EventDate "2025.04.25"]
[EventType "swiss"]
[EventRounds "5"]
[EventCountry "ENG"]
[SourceTitle "CB18_2025"]
[SourceDate "2025.04.30"]
[SourceVersion "1"]
[SourceVersionDate "2025.04.30"]
[SourceQuality "1"]

1. d4 Nf6 2. c4 e6 3. Nc3 Bb4 4. a3 Bxc3+ 5. bxc3 c5 6. f3 Nh5 7. Nh3 f5 8. e4 0-0 9. e5 f4 10. Bd3 d6 11. 0-0 dxe5 12. dxe5 Nc6 13. Qe2 Qh4 14. Qe4 g6 15. Bd2 Rf5 16. Be1 Qe7 17. Qe2 Rxe5 18. Qd2 Bd7 19. Nxf4 Ng7 20. Bg3 Nf5 21. Bxf5 Rxf5 22. Rfe1 g5 23. Nd5 Qg7 24. Ne3 Rf7 25. Ng4 Rd8 26. Bc7 Re8 27. Be5 Nxe5 28. Nxe5 Rfe7 29. Rad1 Ba4 30. Rc1 Qf6 31. Re4 Rg7 32. Rce1 Rd8 33. Qe3 Bc2 34. Ng4 Qf7 35. Nh6+ 1-0

[Event "Guildford op"]
[Site "Guildford"]
[Date "2025.04.26"]
[Round "3"]
[White "Sooraj, Menothuparam Raju"]
[Black "Wallace, Adrian D"]
[Result "1-0"]
[WhiteElo "2154"]
[BlackElo "1857"]
[PlyCount "51"]
[EventDate "2025.04.25"]
[EventType "swiss"]
[EventRounds "5"]
[EventCountry "ENG"]
[SourceTitle "CB18_2025"]
[SourceDate "2025.04.30"]
[SourceVersion "1"]
[SourceVersionDate "2025.04.30"]
[SourceQuality "1"]

1. e4 c6 2. d3 d5 3. Nd2 e5 4. Ngf3 Bd6 5. d4 exd4 6. Bd3 dxe4 7. Nxe4 Be7 8. 0-0 c5 9. b4 Nd7 10. Re1 Kf8 11. Bf4 Ngf6 12. Nd6 Nh5 13. Rxe7 Qxe7 14. Nf5 Nxf4 15. Nxe7 Kxe7 16. Qd2 Ne6 17. Re1 b6 18. Qg5+ Nf6 19. bxc5 Kf8 20. Qg3 bxc5 21. Qd6+ Kg8 22. Ng5 Bd7 23. Nxe6 Bxe6 24. Rxe6 fxe6 25. Qxe6+ Kf8 26. Bc4 1-0

[Event "Guildford op"]
[Site "Guildford"]
[Date "2025.04.25"]
[Round "1"]
[White "Finn, Peter"]
[Black "Wallace, Adrian D"]
[Result "1/2-1/2"]
[WhiteElo "2221"]
[BlackElo "1857"]
[PlyCount "133"]
[EventDate "2025.04.25"]
[EventType "swiss"]
[EventRounds "5"]
[EventCountry "ENG"]
[SourceTitle "CB18_2025"]
[SourceDate "2025.04.30"]
[SourceVersion "1"]
[SourceVersionDate "2025.04.30"]
[SourceQuality "1"]

1. d4 Nf6 2. Nf3 g6 3. g3 Bg7 4. Bg2 c5 5. dxc5 Qa5+ 6. Nc3 Ne4 7. 0-0 Nxc3 8. bxc3 Qxc5 9. Rb1 0-0 10. Nd4 Qxc3 11. Nb5 Qa5 12. Bd2 Qd8 13. Bf4 d6 14. c4 a6 15. Na3 Nd7 16. Nc2 Nc5 17. Nb4 Bf5 18. Nd3 Qc7 19. Rc1 Rab8 20. Nxc5 Qxc5 21. Qa4 Rfc8 22. Be3 Bd4 23. Bg5 Bc2 24. Rxc2 Qxg5 25. e3 Bf6 26. Rb1 Rc7 27. Rb6 Qf5 28. Qb3 a5 29. Rb5 Rc5 30. Rxb7 Rxb7 31. Bxb7 h5 32. h4 Qd7 33. Bd5 e6 34. Bg2 Qc7 35. Be4 Kg7 36. Kg2 Kg8 37. Kf3 Kg7 38. Ke2 Kf8 39. a4 Kg7 40. Qb7 Qxb7 41. Bxb7 d5 42. Ba6 dxc4 43. Bxc4 Be7 44. Kd3 Kf6 45. Rb2 Rc7 46. Rb5 Bb4 47. f3 Rc5 48. Rb7 Be1 49. Bb5 Bxg3 50. Be8 Rc7 51. Rxc7 Bxc7 52. f4 Bb6 53. Ke2 Bc5 54. Kf3 Bb4 55. Ke2 Ke7 56. Bb5 Kd8 57. Kf2 Bc3 58. Bc6 Ke7 59. Bb5 Bf6 60. Kg3 Bc3 61. Kf2 e5 62. Bc4 exf4 63. exf4 Bd2 64. f5 Kf6 65. fxg6 fxg6 66. Kg3 Be1+ 67. Kh3 1/2-1/2